Statystyki dla modele samolotów

Kliknij tutaj aby rozwiązać quiz!

Ogólne statystyki

  • Ten quiz został rozwiązany 16 razy
  • Średni wynik to 13 z 16

Statystyki odpowiedzi

podpowiedźodpowiedź% Poprawnych
największy boeingboeing 747
100%
najnowszy airbusairbus a350
93%
jedyny trzysilnikowy
boeing
boeing 727
93%
został użyty do zamachu
11 września
boeing 757
93%
najnowszy boeingboeing 787
93%
drugi najpopularniejszy
samolot na świecie
airbus a320
86%
jednopokładowy samolot
czterosilnikowy
airbus a340
86%
największy samolot
pasażerski
airbus a380
86%
najpopularniejszy samolot
odrzutowy
boeing 737
86%
ma najpotężniejsze silniki
odrzutowe
boeing 777
86%
otrzymał certyfikaty w
październiku 1993 roku
airbus a330
79%
ten model lini lauda air
rozbił się w tajlandii
boeing 767
79%
pierwszy odrzutowiec
boeing
boeing 707
71%
najmniejszy odrzutowiec
firmy boeing
boeing 717
71%
został zestrzelony przez
amerykańską marynarkę
wojenną
airbus a300
50%
najpopularniejszy w lini taromairbus a310
50%

Rozkład punktacji

Percentyl według liczby udzielonych odpowiedzi

Procent ludzi z każdym wynikiem

Twoja historia wyników

Nie rozwiązałeś tego quizu